| 000 | 00601nam a2200205 a 4500 | ||
|---|---|---|---|
| 005 | 20241113063712.0 | ||
| 008 | 181210s2017 mx r 000 0 spa d | ||
| 020 | _a9786070295850 | ||
| 020 | _a9786079725051 | ||
| 035 | _aUPN01000228290 | ||
| 049 | _aCG | ||
| 050 | 4 |
_aHM742 _bR4.2 |
|
| 245 | 0 | 0 |
_aRedes sociales, virtualidad y subjetividades / _ccoord. Alberto Constante. |
| 260 |
_aMéxico : _bUNAM : _bMonosílabo, _c2017. |
||
| 300 | _a314 p. | ||
| 650 | 4 |
_aRedes sociales en línea _xAspectos sociales _927283 |
|
| 700 | 1 |
_aConstante, Alberto, _ecoaut. |
|
| 905 | _aLibro | ||
| 999 |
_c200385 _d200385 |
||